General Knowledge #6 - Statistics

General Stats
  • This quiz has been taken 24 times
  • The average score is 8 of 10
Answer Stats
Hint Answer % Correct
Who directed Jaws? Steven Spielberg
96%
In what year did the Titanic sink? 1912
91%
Which instrument has keys, pedals, and strings? Piano
91%
Which artist sang Shape of You? Ed Sheeran
87%
What is the name of the longest bone in the human body? Femur
87%
What is the capital of Iceland? Reykjavik
87%
Which organ produces bile? Liver
78%
What is the square root of 169? 13
74%
What is the freezing point of water in Fahrenheit? 32
65%
What is the term for a word that is the same forwards and backwards? Palindrome
65%
No matching quizzes found
Score Distribution
Percent of People with Each Score
Percentile by Number Answered
Your Score History
You have not taken this quiz